Seeley's essentials of anatomy & physiology. / (Record no. 7255)
[ view plain ]
| 000 -LEADER | |
|---|---|
| fixed length control field | 01464pam a2200325 a 4500 |
| 001 - CONTROL NUMBER | |
| control field | 1179824 |
| 005 - DATE AND TIME OF LATEST TRANSACTION | |
| control field | 20210414114654.0 |
| 008 - FIXED-LENGTH DATA ELEMENTS--GENERAL INFORMATION | |
| fixed length control field | 970321s1998 maua 001 0 eng c |
| 010 ## - LIBRARY OF CONGRESS CONTROL NUMBER | |
| LC control number | 97011615 |
| 020 ## - INTERNATIONAL STANDARD BOOK NUMBER | |
| International Standard Book Number | 9780071220064 |
| 040 ## - CATALOGING SOURCE | |
| Original cataloging agency | DNLM/DLC |
| Transcribing agency | DLC |
| Modifying agency | DLC |
| 050 00 - LIBRARY OF CONGRESS CALL NUMBER | |
| Classification number | QP34.5.S4 |
| 060 10 - NATIONAL LIBRARY OF MEDICINE CALL NUMBER | |
| Classification number | QT 104 S452a 1998 |
| 082 00 - DEWEY DECIMAL CLASSIFICATION NUMBER | |
| Classification number | 612 |
| Edition number | 21 |
| 245 10 - TITLE STATEMENT | |
| Title | Seeley's essentials of anatomy & physiology. / |
| Statement of responsibility, etc. | Cinnamon VanPutte, Jennifer Regan, Andy Russo |
| 246 3# - VARYING FORM OF TITLE | |
| Title proper/short title | Anatomy and physiology |
| 250 ## - EDITION STATEMENT | |
| Edition statement | 7th ed. |
| 260 ## - PUBLICATION, DISTRIBUTION, ETC. | |
| Place of publication, distribution, etc. | Boston, Mass. : |
| Name of publisher, distributor, etc. | McGraw-Hill, |
| Date of publication, distribution, etc. | 2007. |
| 300 ## - PHYSICAL DESCRIPTION | |
| Extent | xxv, 586 [various pagings] p. : |
| Other physical details | ill. (colour) ; |
| Dimensions | 22 cm. |
| 500 ## - GENERAL NOTE | |
| General note | Includes appendix, glossary and index. |
| 505 ## - FORMATTED CONTENTS NOTE | |
| Formatted contents note | Contents: The human organism -- The chemical basis of life -- Cell structures and their functions -- Tissues -- Integumentary system -- Skeletal system:bones and joints -- Muscular system -- Nervous system -- Senses -- Endocrine system -- Blood -- Heart -- Blood vessels and circulation -- The lymphatic system and immunity -- respiratory system -- Digestive system -- Nutrition, metabolism, and body temperature regulation -- Urinary system and fluid balance -- Reproductive system -- Development, heredity, and aging -- |
| 650 #0 - SUBJECT ADDED ENTRY--TOPICAL TERM | |
| Topical term or geographic name entry element | Human physiology. |
| 650 #0 - SUBJECT ADDED ENTRY--TOPICAL TERM | |
| Topical term or geographic name entry element | Human anatomy. |
| 650 12 - SUBJECT ADDED ENTRY--TOPICAL TERM | |
| Topical term or geographic name entry element | Physiology. |
| 650 22 - SUBJECT ADDED ENTRY--TOPICAL TERM | |
| Topical term or geographic name entry element | Anatomy. |
| 700 1# - ADDED ENTRY--PERSONAL NAME | |
| Personal name | VanPutte, Cinnamon |
| 700 1# - ADDED ENTRY--PERSONAL NAME | |
| Personal name | Regan, Jennifer |
| 700 1# - ADDED ENTRY--PERSONAL NAME | |
| Personal name | Russo, Andy |
| 942 ## - ADDED ENTRY ELEMENTS (KOHA) | |
| Source of classification or shelving scheme | Library of Congress Classification |
| Koha item type | Books |
| Withdrawn status | Lost status | Source of classification or shelving scheme | Damaged status | Not for loan | Home library | Current library | Shelving location | Date acquired | Full call number | Barcode | Date last seen | Price effective from | Koha item type |
|---|---|---|---|---|---|---|---|---|---|---|---|---|---|
| Library of Congress Classification | WISCONSIN INTERNATIONAL UNIVERSITY COLLEGE, GHANA KUMASI LIBRARY | WISCONSIN INTERNATIONAL UNIVERSITY COLLEGE, GHANA KUMASI LIBRARY | nursing | 26/06/2019 | QP34.5.S4(7e) | KSN/134/19 | 15/05/2020 | 15/05/2020 | Books |
